000 00499nam a2200169 i 4500
001 61027
003 ES-MaACL
007 t|
008 031110s1981 sp ||||1| spa d
245 0 4 _aLos estudios de ingenieros agrónomos.
260 _aMadrid :
_bFundación Universidad Empresa,
_c1981.
300 _a118, LIII p. ;
_c24 cm.
490 1 _aMonografias profesionales ;
_v16
830 0 _aMonografias profesionales ;
_v16
_9182734
852 _aES-MaACL
_jL-913
_bR.101639
999 _c61027
_d61027